=LDR 00000nam 2200000 4500 =001 INLIS000000000030560 =005 20130612132708 =008 ***********************************Ind** =035 ##$$0010-061300000030560 =041 ##$$a Ind =082 ##$$a 370 =090 ##$$a 370, Ism p =100 ##$$a Ismail, Imaduddin =245 ##$$a Pengembangan kemampuan belajar pada anak-anak, Imaduddin Ismail =260 ##$$a 1980 $b Jakarta =300 ##$$a 92 hlm, 20 cm =650 ##$$a Pendidikan - anak =850 ##$$a NBPNMAT